Music Quiz

Random Music or Album Quiz

Album Cover Reflections Quiz Stats

 Plays Quiz Updated Jul 28, 2016

Challenge
Share
Tweet
Score 0/24 Timer 10:00
5 Plays Today
% Correct
Pink Floyd - The Wall
98.4%
The Beatles - Revolver
92%
Nirvana - Nevermind
75.9%
Supertramp - Breakfast in America
73.7%
Green Day - American Idiot
71.8%
Taylor Swift - 1989
67.7%
Eagles - Hotel California
67.6%
Red Hot Chili Peppers - Blood Sugar Sex Magik
65.5%
Weezer - Weezer (The Blue Album)
59.2%
Bee Gees (& others) - Saturday Night Fever (soundtrack)
57.1%
Phil Collins - Face Value
55.3%
Velvet Underground & Nico - Velvet Underground & Nico
52.8%
% Correct
The Clash - London Calling
51.7%
Fleetwood Mac - Rumours
49.7%
Lauryn Hill - The Miseducation of Lauryn Hill
45%
The Rolling Stones - Sticky Fingers
44.7%
Stevie Wonder - Songs in the Key of Life
42.8%
Bruce Springsteen - Born to Run
41.4%
Elton John - Goodbye Yellow Brick Road
40.9%
The Who - Tommy
35.7%
David Bowie - Ziggy Stardust and the Spiders from Mars
31.6%
Led Zeppelin - Led Zeppelin I
29.4%
Michael Jackson - Thriller
24.3%
Blind Faith - Blind Faith
18.2%

You're not logged in!

Compare scores with friends on all Sporcle quizzes.
OR
Log In

You Might Also Like...

Show Comments

Extras

Top Quizzes Today


Score Distribution

Your Account Isn't Verified!

In order to create a playlist on Sporcle, you need to verify the email address you used during registration. Go to your Sporcle Settings to finish the process.

Report this User

Report this user for behavior that violates our Community Guidelines.

Details: